Statistics for Squares by picture

Click here to take the quiz!

General Stats

  • This quiz has been taken 390 times
  • The average score is 9 of 16

Answer Stats

Answer% Correct
Moscow
99%
New York
98%
Rome
96%
Beijing
95%
London
91%
Paris
88%
Berlin
72%
Venice
70%
Brussels
47%
Mexico city
47%
Cairo
40%
Buenos aires
25%
Krakow
22%
Marrakesh
22%
Siena
20%
Isfahan
5%

Score Distribution

Percentile by Number Answered

Percent of People with Each Score

Your Score History

You have not taken this quiz